000
00307nam a22001337a 4500
008
170925b xxu||||| |||| 00| 0 eng d
020
_a
9780763724863
041
_a
eng
080
_2
2 ED
_a
37
100
_a
46
101
_a
EDU
245
_a
RN PREENTRANCE EXAM
_c
MCDONALD,M.E
942
_2
udc
_c
BK
999
_c
29736
_d
29736